01053 a2200181 45000010006000000050017000060080041000230030015000640400040000790800129001192450085002480200022003332640033003553000019003885050434004070410008008411000022008496301520260407155924.0260407a2002 arg spa dAR-UNSa-BCEJYS aAR-UNSa-BCEJYSbspacAR-UNSa-BCEJYS a343.8xCondena. Ejecución de la sentencia. Cumplimiento de la pena. Prevención del delito (Instituciones penitenciarias)10aLas cárceles argentinas de antañop(Siglos XVIII y XIX). Teoría y realidad a978-950-894-339-2 1aBuenos Aires :bAD-HOCc2002 a479 p.c23 cm. a1. La cárcel tradicional - 2. El moderno sistema penitenciario – 3. Marco jurídico – 4. Estructura edilicia – 5. Ingreso en la cárcel – 6. Quienes mandaban y como trataban a los presos – 7. Sociabilidad carcelaria – 8. Alimentación, vestuario, salud – 9. Del ocio al trabajo – 10. Religión y escuela – 11. Régimen económico – 12. El control: la visita de cárcel – 13. Salida de la cárcel - aspa1 aLevaggi, Abelardo